[Event "CHN-ch Rapid/Blitz 4th"]
[Site "Shaoxing"]
[Date "2025.07.14"]
[Round "2.3"]
[White "Ju, Wenjun"]
[Black "Huang, Renjie"]
[Result "1/2-1/2"]
[WhiteElo "2570"]
[BlackElo "2495"]
[PlyCount "86"]
[EventDate "2025.07.13"]
[EventType "k.o. (rapid)"]
[EventRounds "5"]
[EventCountry "CHN"]
[SourceTitle "CB29_2025"]
[SourceDate "2025.07.16"]
[SourceVersion "1"]
[SourceVersionDate "2025.07.16"]
[SourceQuality "1"]

1. Nf3 d5 2. b3 Bf5 3. Bb2 e6 4. g3 Nf6 5. Bg2 h6 6. d3 Be7 7. Nbd2 0-0 8. 0-0 c5 9. Ne5 Nc6 10. e4 Bh7 11. Nxc6 bxc6 12. Qe2 Rb8 13. Kh1 Qa5 14. f4 Qa6 15. g4 dxe4 16. Nxe4 Nxe4 17. Bxe4 Bxe4+ 18. Qxe4 Rb4 19. Qe3 Qc8 20. c4 Rb7 21. g5 hxg5 22. fxg5 f6 23. gxf6 Bxf6 24. Bxf6 Rxf6 25. Rxf6 gxf6 26. Qh6 Qf8 27. Qh3 Qd6 28. Re1 Re7 29. Qg4+ Kf8 30. Rg1 Ke8 31. Qf3 Kd7 32. Qxf6 Qxd3 33. Qf4 e5 34. Qg4+ Kc7 35. Rd1 Qc2 36. Qf3 Rh7 37. h3 Rxh3+ 38. Qxh3 Qxd1+ 39. Kg2 Qe2+ 40. Kg1 Qe1+ 41. Kg2 Qe2+ 42. Kg1 Qe1+ 43. Kg2 Qe2+ 1/2-1/2

[Event "CHN Nat Games qual (Women) 15th"]
[Site "Huairou District"]
[Date "2025.06.12"]
[Round "5"]
[White "Ju, Wenjun"]
[Black "Li, Junying"]
[Result "1-0"]
[WhiteElo "2580"]
[BlackElo "2063"]
[PlyCount "105"]
[EventDate "2025.06.11"]
[EventType "swiss (rapid)"]
[EventRounds "9"]
[EventCountry "CHN"]
[SourceTitle "CB25_2025"]
[SourceDate "2025.06.18"]
[SourceVersion "1"]
[SourceVersionDate "2025.06.18"]
[SourceQuality "1"]

1. e4 d6 2. d4 g6 3. Nf3 Bg7 4. Be2 Nd7 5. 0-0 e5 6. Nc3 Ngf6 7. a4 0-0 8. Re1 h6 9. Bc4 Kh7 10. h3 c6 11. Ba2 Qc7 12. Be3 a6 13. a5 Ne8 14. dxe5 dxe5 15. Nd2 f5 16. exf5 gxf5 17. Nc4 e4 18. f3 Qg3 19. Bf2 Qg6 20. fxe4 Bxc3 21. bxc3 fxe4 22. Re3 Nef6 23. Rg3 Qf5 24. Be3 Nd5 25. Qd2 Rf6 26. Bd4 Rg6 27. Rxg6 Qxg6 28. Rf1 N7f6 29. Bxf6 Nxf6 30. Nb6 Rb8 31. Qd6 Bxh3 32. Qe7+ Qg7 33. Qxg7+ Kxg7 34. gxh3 Rd8 35. Bb3 Rd2 36. Nc4 Rd5 37. Kf2 Rh5 38. Rg1+ Kf8 39. Rg3 Nd5 40. Nd6 e3+ 41. Ke1 Ke7 42. Nxb7 Kf6 43. Bxd5 Rxd5 44. Rxe3 Rb5 45. Nd8 Rxa5 46. Nxc6 Rc5 47. Nd4 a5 48. Kd2 Rc4 49. Re6+ Kg5 50. Re5+ Kh4 51. Rxa5 Kxh3 52. Rh5+ Kg4 53. Rxh6 1-0

[Event "Norway Chess Armageddon (Women) 13th"]
[Site "Stavanger"]
[Date "2025.05.31"]
[Round "5"]
[White "Muzychuk, Anna"]
[Black "Ju, Wenjun"]
[Result "1/2-1/2"]
[WhiteElo "2526"]
[BlackElo "2580"]
[PlyCount "99"]
[EventDate "2025.05.26"]
[EventType "tourn (rapid)"]
[EventRounds "10"]
[EventCountry "NOR"]
[SourceTitle "CB24_2025"]
[SourceDate "2025.06.11"]
[SourceVersion "1"]
[SourceVersionDate "2025.06.11"]
[SourceQuality "1"]

1. e4 e5 2. Nf3 Nc6 3. Bb5 Nf6 4. d3 Bc5 5. c3 0-0 6. 0-0 d5 7. exd5 Qxd5 8. Bc4 Qd8 9. Nbd2 h6 10. b4 Bd6 11. Ne4 Nxe4 12. dxe4 a5 13. b5 Nb8 14. Be3 Nd7 15. h3 Re8 16. Nd2 Nc5 17. Nb3 Ne6 18. a4 Nf4 19. Qf3 Qf6 20. Kh2 Be6 21. Bxe6 Qxe6 22. Nd2 Rad8 23. Qg4 Qxg4 24. hxg4 b6 25. Nc4 Nd3 26. Rfd1 Bc5 27. Ra2 Bxe3 28. Nxe3 Nc5 29. Rxd8 Rxd8 30. f3 f6 31. Nd5 Rd7 32. Kg3 Kf7 33. Kf2 Ke6 34. Ke3 Kf7 35. g3 Ne6 36. f4 Nc5 37. c4 Ke6 38. Ra1 Nb3 39. Ra3 Nc5 40. Ra2 Nb3 41. Kf3 Nc5 42. Ra3 Kf7 43. Ke3 Ke6 44. Ra1 Nb3 45. Ra2 Nc5 46. Ra3 Kf7 47. Kf3 Ke6 48. Ke3 Kf7 49. Kf3 Ke6 50. Ke3 1/2-1/2

[Event "Istanbul m"]
[Site "Istanbul"]
[Date "2025.04.28"]
[Round "6"]
[White "Gurel, Ediz"]
[Black "Ju, Wenjun"]
[Result "1-0"]
[WhiteElo "2636"]
[BlackElo "2561"]
[PlyCount "69"]
[EventDate "2025.04.28"]
[EventType "match (rapid)"]
[EventRounds "10"]
[EventCountry "TUR"]
[SourceTitle "CB18_2025"]
[SourceDate "2025.04.30"]
[SourceVersion "1"]
[SourceVersionDate "2025.04.30"]
[SourceQuality "1"]

1. e4 e5 2. Nf3 Nf6 3. Nxe5 d6 4. Nf3 Nxe4 5. Nc3 Nxc3 6. dxc3 Be7 7. Be3 0-0 8. Qd2 Nd7 9. h4 Nf6 10. h5 Ng4 11. Bf4 d5 12. 0-0-0 c6 13. Nd4 Bd6 14. Bxd6 Qxd6 15. f3 Ne5 16. h6 g6 17. Be2 Bd7 18. Rhe1 Rfe8 19. Kb1 a6 20. a3 Rad8 21. Nb3 Bc8 22. Qd4 Qf6 23. Bf1 Nd7 24. Qd2 b6 25. c4 dxc4 26. Bxc4 b5 27. Bf1 Nb6 28. Rxe8+ Rxe8 29. Nc5 Nd5 30. Ne4 Qe5 31. Re1 Kf8 32. Re2 Qf4 33. Qd4 f6 34. Qc5+ Kg8 35. Qxc6 1-0

[Event "Istanbul m"]
[Site "Istanbul"]
[Date "2025.04.28"]
[Round "8"]
[White "Gurel, Ediz"]
[Black "Ju, Wenjun"]
[Result "1-0"]
[WhiteElo "2636"]
[BlackElo "2561"]
[PlyCount "130"]
[EventDate "2025.04.28"]
[EventType "match (rapid)"]
[EventRounds "10"]
[EventCountry "TUR"]
[SourceTitle "CB18_2025"]
[SourceDate "2025.04.30"]
[SourceVersion "1"]
[SourceVersionDate "2025.04.30"]
[SourceQuality "1"]

1. b3 Nf6 2. Bb2 d5 3. Nf3 g6 4. e3 Bg7 5. Be2 0-0 6. 0-0 c5 7. d4 cxd4 8. Nxd4 Nbd7 9. Nd2 a6 10. c4 e5 11. N4f3 e4 12. Nd4 Ne5 13. cxd5 Qxd5 14. Rc1 Bg4 15. Bxg4 Nfxg4 16. h3 Nf6 17. Nc4 Nxc4 18. bxc4 Qa5 19. Qb3 Nd7 20. Qxb7 Nc5 21. Qd5 Rfd8 22. Bc3 Qc7 23. Qc6 Rdc8 24. Qxc7 Rxc7 25. Ba5 Rcc8 26. Rc2 Rab8 27. Rd1 Nd3 28. Nb3 Bf8 29. Kf1 f5 30. Nd4 Bb4 31. Bxb4 Rxb4 32. c5 Rxc5 33. Rxc5 Nxc5 34. g4 fxg4 35. hxg4 Rb2 36. Ne2 Nd3 37. a4 Ra2 38. Rb1 Rxa4 39. Rb8+ Kg7 40. g5 Ra1+ 41. Kg2 Ra5 42. Rb7+ Kg8 43. Rb8+ Kf7 44. Rb7+ Kf8 45. Rb8+ Ke7 46. Rb7+ Kd6 47. Rxh7 Rxg5+ 48. Ng3 Nc5 49. Kf1 a5 50. Ra7 a4 51. Rxa4 Rxg3 52. Rd4+ Ke5 53. fxg3 Ne6 54. Ra4 Kf5 55. Kg2 Ng5 56. Ra5+ Kf6 57. g4 Nf7 58. Ra6+ Kg5 59. Kg3 Ne5 60. Ra5 Kf6 61. Kf4 g5+ 62. Kxe4 Nxg4 63. Ra6+ Kf7 64. Rb6 Ke7 65. Rg6 Ke8 1-0

[Event "Wch Blitz (Women) Final"]
[Site "New York"]
[Date "2024.12.31"]
[Round "2.2"]
[White "Ju, Wenjun"]
[Black "Vaishali, Ramesh Babu"]
[Result "1-0"]
[WhiteElo "2563"]
[BlackElo "2476"]
[PlyCount "171"]
[EventDate "2024.12.31"]
[EventType "k.o."]
[EventRounds "3"]
[EventCountry "USA"]
[SourceTitle "CB03_2025"]
[SourceDate "2025.01.15"]
[SourceVersion "1"]
[SourceVersionDate "2025.01.15"]
[SourceQuality "1"]

1. d4 Nf6 2. c4 b6 3. Nc3 Bb7 4. Qc2 d5 5. Bg5 e6 6. Nf3 Be7 7. e3 0-0 8. Be2 Nbd7 9. 0-0 h6 10. Bh4 Ne4 11. Bxe7 Qxe7 12. cxd5 exd5 13. Rac1 c5 14. dxc5 Ndxc5 15. Rfd1 Rfd8 16. Nd4 Rac8 17. Bg4 Ra8 18. b4 Nxc3 19. Qxc3 Ne4 20. Qb2 a5 21. bxa5 bxa5 22. Nf5 Qg5 23. h3 Ba6 24. Rc7 h5 25. f4 Qf6 26. Qxf6 Nxf6 27. Bf3 Kf8 28. a3 Bc4 29. Rd2 Rab8 30. Ra7 Rb3 31. Rxa5 g6 32. Nd4 Rxe3 33. Nc6 Rde8 34. Ne5 Re7 35. Kf2 Rc3 36. a4 Kg7 37. Rc5 Ra3 38. Nxc4 dxc4 39. Rxc4 Ra7 40. Bc6 h4 41. Rdc2 Nh5 42. Bf3 Nf6 43. Bc6 Nh5 44. Rd4 Ng3 45. Rd7 Rxd7 46. Bxd7 Ra1 47. Bb5 Ra3 48. Rc7 Ne4+ 49. Ke1 Nc3 50. Bc4 Nxa4 51. Rxf7+ Kh6 52. Rf8 Kg7 53. Rg8+ Kh7 54. Ra8 Ra1+ 55. Kf2 Ra3 56. Kg1 Ra1+ 57. Kh2 Nb6 58. Rxa1 Nxc4 59. Rc1 Ne3 60. Rc3 Nf5 61. Kg1 Kg7 62. Kf2 Kf6 63. Kf3 Nd4+ 64. Kg4 Nf5 65. Rc5 Ne3+ 66. Kxh4 Nxg2+ 67. Kg3 Ne3 68. Kf3 Nf5 69. Rc6+ Kg7 70. Kg4 Kh6 71. Re6 Nd4 72. Rf6 Kg7 73. Ra6 Kh6 74. h4 Kg7 75. h5 gxh5+ 76. Kxh5 Kf7 77. Kg4 Kg7 78. f5 Kf7 79. Kg5 Nf3+ 80. Kf4 Nd4 81. Rd6 Ne2+ 82. Kg5 Ng3 83. Rd7+ Ke8 84. Ra7 Ne4+ 85. Kg6 Kf8 86. f6 1-0

[Event "Wch Blitz (Women)"]
[Site "New York"]
[Date "2024.12.30"]
[Round "4"]
[White "Ju, Wenjun"]
[Black "Zhukova, Natalia"]
[Result "1-0"]
[WhiteElo "2563"]
[BlackElo "2302"]
[PlyCount "123"]
[EventDate "2024.12.30"]
[EventType "swiss (blitz)"]
[EventRounds "11"]
[EventCountry "USA"]
[SourceTitle "CB01_2025"]
[SourceDate "2025.01.01"]
[SourceVersion "1"]
[SourceVersionDate "2025.01.01"]
[SourceQuality "1"]

1. d4 d5 2. c4 e6 3. Nc3 Nf6 4. cxd5 exd5 5. Bg5 c6 6. e3 Bd6 7. Bd3 0-0 8. Nf3 Re8 9. 0-0 Bg4 10. Qb3 Na6 11. Rae1 Bxf3 12. gxf3 Qd7 13. Bh4 Nh5 14. Bg3 Nxg3 15. fxg3 Re7 16. Bxa6 bxa6 17. Qc2 Rae8 18. Qd3 a5 19. Kg2 Qb7 20. b3 Bb4 21. Re2 g6 22. Rc1 Ba3 23. Rcc2 Bb4 24. Nd1 Kg7 25. Nf2 f5 26. Nd1 Re6 27. Kf2 Qe7 28. Nc3 h5 29. h4 Qf6 30. f4 Qd8 31. Na4 Qb8 32. Nb2 Qd8 33. Qd1 Qe7 34. Qd3 Qd8 35. Na4 Qb8 36. Nc5 R6e7 37. Qa6 Qd6 38. Nd3 Rc7 39. Ne5 Rec8 40. Rc1 Ba3 41. Rc3 Bb4 42. Rcc2 Qf6 43. Nd3 Qd6 44. a3 Bxa3 45. Qxa5 Rb7 46. Qa4 a5 47. Ne5 Rb6 48. Ra2 Bb4 49. Rac2 Qe6 50. Rc1 Qd6 51. Rec2 c5 52. dxc5 Rxc5 53. Rxc5 Bxc5 54. Qd7+ Qe7 55. Rxc5 Qxd7 56. Nxd7 Rxb3 57. Rxa5 Rd3 58. Ne5 Rd2+ 59. Kf3 d4 60. Ra7+ Kf6 61. Ra6+ Ke7 62. exd4 1-0

[Event "Wch Blitz (Women)"]
[Site "New York"]
[Date "2024.12.30"]
[Round "5"]
[White "Vantika, Agrawal"]
[Black "Ju, Wenjun"]
[Result "0-1"]
[WhiteElo "2392"]
[BlackElo "2563"]
[PlyCount "164"]
[EventDate "2024.12.30"]
[EventType "swiss (blitz)"]
[EventRounds "11"]
[EventCountry "USA"]
[SourceTitle "CB01_2025"]
[SourceDate "2025.01.01"]
[SourceVersion "1"]
[SourceVersionDate "2025.01.01"]
[SourceQuality "1"]

1. d4 Nf6 2. c4 e6 3. Nf3 d5 4. g3 dxc4 5. Bg2 c5 6. 0-0 Nc6 7. Ne5 Bd7 8. Nxc4 cxd4 9. Bf4 Be7 10. Nd6+ Kf8 11. Nxb7 Qb6 12. Nd6 Qc5 13. Qb3 Bxd6 14. Rc1 Qb4 15. Qxb4 Bxb4 16. Bxc6 Rc8 17. Bxd7 Rxc1+ 18. Bxc1 Nxd7 19. Bd2 Bd6 20. e3 Ne5 21. exd4 Nf3+ 22. Kg2 Nxd4 23. Nc3 Ke7 24. Rd1 Rb8 25. b3 Nc6 26. Be3 Rd8 27. Nb5 Bb8 28. Rc1 Rc8 29. a4 a6 30. Nd4 Kd7 31. Rd1 g6 32. Nf3+ Ke8 33. Ng5 h5 34. Ne4 Rd8 35. Rc1 Rc8 36. Bc5 Ne5 37. Rd1 Nd7 38. Ba3 Rc6 39. b4 Rb6 40. h4 Be5 41. Rc1 Nf6 42. Nc5 Nd5 43. Rc4 Bd6 44. Nd3 Kd7 45. Kf3 f6 46. Ke2 e5 47. f3 f5 48. Kd2 Rc6 49. Rxc6 Kxc6 50. b5+ axb5 51. axb5+ Kd7 52. Bb2 Nb6 53. Nxe5+ Bxe5 54. Bxe5 Nc4+ 55. Kd3 Nxe5+ 56. Ke3 Ke6 57. Kf4 Kf6 58. b6 Nd3+ 59. Ke3 Nc5 60. Kf4 Ne6+ 61. Ke3 Nd8 62. Kf4 Nb7 63. g4 Na5 64. gxh5 gxh5 65. Ke3 Ke5 66. Kd3 Kf4 67. Kd4 Kxf3 68. Kc5 f4 69. Kb5 Nb7 70. Kc6 Na5+ 71. Kb5 Nb7 72. Kc6 Kg2 73. Kxb7 f3 74. Kc6 f2 75. b7 f1Q 76. b8Q Qf3+ 77. Kc5 Qf2+ 78. Kc6 Qxh4 79. Qb2+ Qf2 80. Qg7+ Qg3 81. Qb2+ Kh3 82. Kb7 Qg2+ 0-1

[Event "Wch Rapid (Women)"]
[Site "New York"]
[Date "2024.12.26"]
[Round "1"]
[White "Charkhalashvili, Inga"]
[Black "Ju, Wenjun"]
[Result "0-1"]
[WhiteElo "2289"]
[BlackElo "2536"]
[PlyCount "126"]
[EventDate "2024.12.26"]
[EventType "swiss (rapid)"]
[EventRounds "11"]
[EventCountry "USA"]
[SourceTitle "CB01_2025"]
[SourceDate "2025.01.01"]
[SourceVersion "1"]
[SourceVersionDate "2025.01.01"]
[SourceQuality "1"]

1. d4 Nf6 2. c4 e6 3. Nc3 Bb4 4. e3 0-0 5. Nf3 d5 6. Bd3 dxc4 7. Bxc4 c5 8. 0-0 Nc6 9. a3 Ba5 10. Qd3 a6 11. Rd1 cxd4 12. exd4 h6 13. Bb3 Ne7 14. Ne5 Bd7 15. Ne4 Ned5 16. Nxf6+ Nxf6 17. Qg3 Kh8 18. Qh4 Nh7 19. Qh5 Be8 20. Be3 Rc8 21. Rd3 Bc7 22. Rad1 Qe7 23. h3 Nf6 24. Qf3 Bb5 25. Rc3 Bb6 26. Rxc8 Rxc8 27. Ng4 Bc6 28. Qe2 Nxg4 29. Qxg4 Rf8 30. Qh5 Kg8 31. Qg4 Kh8 32. Qh5 Kg8 33. Qg4 Qf6 34. Rd3 Rd8 35. Bc4 Bb5 36. Bxb5 axb5 37. Rb3 Rd5 38. Qe2 Qf5 39. a4 Qb1+ 40. Qf1 Qxf1+ 41. Kxf1 Bxd4 42. Bxd4 Rxd4 43. Rxb5 Rxa4 44. Rxb7 g5 45. g4 Kg7 46. Kg2 Kg6 47. Kg3 Rd4 48. f3 f5 49. gxf5+ exf5 50. Rb6+ Kh5 51. b4 f4+ 52. Kf2 Rd2+ 53. Ke1 Rh2 54. b5 Rxh3 55. Kf2 Rh2+ 56. Kg1 Rb2 57. Kf1 Kh4 58. Rxh6+ Kg3 59. b6 Kxf3 60. Ke1 g4 61. Rc6 g3 62. Rg6 g2 63. Kd1 Rxb6 0-1

[Event "Wch Rapid (Women)"]
[Site "New York"]
[Date "2024.12.26"]
[Round "4"]
[White "Ju, Wenjun"]
[Black "Song, Yuxin"]
[Result "1-0"]
[WhiteElo "2536"]
[BlackElo "2347"]
[PlyCount "101"]
[EventDate "2024.12.26"]
[EventType "swiss (rapid)"]
[EventRounds "11"]
[EventCountry "USA"]
[SourceTitle "CB01_2025"]
[SourceDate "2025.01.01"]
[SourceVersion "1"]
[SourceVersionDate "2025.01.01"]
[SourceQuality "1"]

1. d4 Nf6 2. c4 e6 3. Nc3 Bb4 4. e3 0-0 5. Bd3 d5 6. Nf3 dxc4 7. Bxc4 c5 8. 0-0 Nc6 9. a3 Ba5 10. Bd3 h6 11. dxc5 Bxc3 12. bxc3 Qe7 13. a4 Rd8 14. Qc2 e5 15. e4 Bg4 16. Nd2 Qxc5 17. Ba3 Qb6 18. Nc4 Qc7 19. Ne3 Be6 20. Rfd1 Rac8 21. Rac1 b6 22. h3 Na5 23. c4 Nb7 24. Nd5 Bxd5 25. exd5 Nd6 26. Re1 Re8 27. a5 e4 28. Bf1 Nf5 29. axb6 axb6 30. Qd2 e3 31. fxe3 Ne4 32. Qd1 Qg3 33. Qf3 Qxf3 34. gxf3 Nd2 35. Bd3 Nh4 36. Kf2 Ndxf3 37. Red1 Ne5 38. d6 Ra8 39. Rc3 Nxd3+ 40. Rdxd3 Red8 41. Rb3 Ra6 42. Rd5 Ng6 43. Rdb5 Ra4 44. Bb4 f6 45. Rxb6 Ne5 46. c5 Rc8 47. Kg3 g5 48. Bc3 Nd7 49. c6 Nxb6 50. Rxb6 Rc4 51. d7 1-0

[Event "Wch Rapid (Women)"]
[Site "New York"]
[Date "2024.12.26"]
[Round "3"]
[White "Sukandar, Irine Kharisma"]
[Black "Ju, Wenjun"]
[Result "1/2-1/2"]
[WhiteElo "2354"]
[BlackElo "2536"]
[PlyCount "115"]
[EventDate "2024.12.26"]
[EventType "swiss (rapid)"]
[EventRounds "11"]
[EventCountry "USA"]
[SourceTitle "CB01_2025"]
[SourceDate "2025.01.01"]
[SourceVersion "1"]
[SourceVersionDate "2025.01.01"]
[SourceQuality "1"]

1. e4 e5 2. Nf3 Nc6 3. Bc4 Nf6 4. d3 Be7 5. a4 0-0 6. Nc3 d6 7. h3 Be6 8. 0-0 Nxe4 9. Nxe4 d5 10. Bb5 dxe4 11. dxe4 Nd4 12. Nxe5 Nxb5 13. axb5 Bd6 14. Nd3 Qe8 15. Bd2 Qxb5 16. Ra5 Qc6 17. Re1 b6 18. Rh5 g6 19. Rh4 Be7 20. Rf4 Rad8 21. Bc3 f6 22. Rf3 Bc4 23. Qa1 a5 24. Nf4 a4 25. Nd5 Bxd5 26. exd5 Qd7 27. Re6 Bc5 28. Bxf6 Qxd5 29. Qe1 Rd6 30. Re8 Qf7 31. Rxf8+ Qxf8 32. Bg7 Kxg7 33. Rxf8 Kxf8 34. Kh2 Rf6 35. f3 Bd6+ 36. Kg1 b5 37. Qe4 Rf5 38. g4 Re5 39. Qa8+ Kg7 40. Qc6 g5 41. Qd7+ Kg6 42. Kf1 h6 43. Qc8 b4 44. h4 a3 45. h5+ Kg7 46. bxa3 bxa3 47. Qd7+ Re7 48. Qf5 a2 49. Qa5 Re3 50. Qxa2 Rxf3+ 51. Ke2 Rf7 52. Qb2+ Rf6 53. Qd4 Kf7 54. Qd3 Kg7 55. Qd4 Kf7 56. Qd3 Kg7 57. Qd4 Kf7 58. Qd3 1/2-1/2

[Event "London Classic Superblitz Gp-A"]
[Site "London"]
[Date "2024.12.07"]
[Round "5"]
[White "Rudd, Jack"]
[Black "Ju, Wenjun"]
[Result "1-0"]
[WhiteElo "2230"]
[BlackElo "2563"]
[PlyCount "63"]
[EventDate "2024.12.07"]
[EventType "tourn (blitz)"]
[EventRounds "7"]
[EventCountry "ENG"]
[EventCategory "10"]
[SourceTitle "CB04_2025"]
[SourceDate "2025.01.22"]
[SourceVersion "1"]
[SourceVersionDate "2025.01.22"]
[SourceQuality "1"]

1. d4 Nf6 2. c4 e6 3. Nc3 Bb4 4. f3 d5 5. a3 Be7 6. e4 dxe4 7. fxe4 c5 8. d5 exd5 9. exd5 Bd6 10. Nf3 0-0 11. Be2 Bg4 12. 0-0 Nbd7 13. Bg5 h6 14. Bh4 a6 15. Qc2 Qc7 16. h3 Bxf3 17. Rxf3 Rae8 18. Raf1 Nh5 19. Rxf7 Nf4 20. Rxf8+ Rxf8 21. Bg4 Ne5 22. Bf5 g5 23. Bg3 Nxc4 24. Bxf4 Bxf4 25. Qe4 Ne3 26. Be6+ Kg7 27. Rf3 Bh2+ 28. Kh1 Rxf3 29. Qxf3 Nc2 30. Ne4 Nd4 31. Qf6+ Kh7 32. Bf7 1-0

[Event "London Classic 14th"]
[Site "London"]
[Date "2024.12.06"]
[Round "7"]
[White "Jones, Gawain C B"]
[Black "Ju, Wenjun"]
[Result "1-0"]
[WhiteElo "2639"]
[BlackElo "2563"]
[PlyCount "81"]
[EventDate "2024.11.29"]
[EventType "tourn"]
[EventRounds "7"]
[EventCountry "ENG"]
[EventCategory "16"]
[SourceTitle "CB50_2024"]
[SourceDate "2024.11.01"]
[SourceVersion "1"]
[SourceVersionDate "2024.11.01"]
[SourceQuality "2"]

1. Nf3 d5 2. g3 c5 3. Bg2 Nf6 4. 0-0 g6 5. c4 Bg7 6. cxd5 Nxd5 7. Nc3 0-0 8. Nxd5 Qxd5 9. d3 Nc6 10. Be3 Bxb2 11. Rb1 Bg7 12. Qa4 Qd6 13. Nd2 Nd4 14. Bxd4 Bxd4 15. Nc4 Qc7 16. Qa3 Rb8 17. Qxa7 Bg4 18. e3 Bf6 19. Rfc1 Ra8 20. Qb6 Qd7 21. Qb3 Be6 22. Nb6 Qd6 23. Bd5 Bxd5 24. Qxd5 Qxd5 25. Nxd5 Ra3 26. Rb3 Rxa2 27. Rxc5 Rfa8 28. d4 Rd2 29. Nc3 Ra1+ 30. Kg2 Rc1 31. Ne4 Rxc5 32. Nxc5 Ra2 33. Rxb7 h5 34. Ne4 Kg7 35. h3 Ra5 36. Rd7 Ra8 37. g4 hxg4 38. hxg4 g5 39. Rb7 Rd8 40. Rb5 Kg6 41. Rf5 1-0

[Event "London Classic 14th"]
[Site "London"]
[Date "2024.12.01"]
[Round "3"]
[White "Mamedyarov, Shakhriyar"]
[Black "Ju, Wenjun"]
[Result "1-0"]
[WhiteElo "2738"]
[BlackElo "2563"]
[PlyCount "85"]
[EventDate "2024.11.29"]
[EventType "tourn"]
[EventRounds "7"]
[EventCountry "ENG"]
[EventCategory "16"]
[SourceTitle "CB50_2024"]
[SourceDate "2024.11.01"]
[SourceVersion "1"]
[SourceVersionDate "2024.11.01"]
[SourceQuality "2"]

1. Nf3 d5 2. g3 g6 3. Bg2 Bg7 4. 0-0 e5 5. d3 Ne7 6. c4 c6 7. e4 0-0 8. b4 dxe4 9. dxe4 Nf5 10. Bb2 Nd4 11. Nxd4 exd4 12. Nd2 a5 13. b5 a4 14. Ba3 Re8 15. f4 cxb5 16. cxb5 d3 17. e5 f5 18. Kh1 Be6 19. Bxb7 Ra5 20. Bg2 Rxb5 21. Bd6 Bf8 22. Qxa4 Qa5 23. Qxa5 Rxa5 24. Bxf8 Kxf8 25. Nb3 Ra3 26. Nc5 Nd7 27. Nxe6+ Rxe6 28. Rfc1 Rea6 29. Rc8+ Ke7 30. Bc6 Ra7 31. Rh8 Nf8 32. Bd5 d2 33. Rd1 Rd3 34. Rg8 Ne6 35. Bc4 Rd4 36. Rc8 Nc7 37. Bb3 Kd7 38. Rh8 h5 39. Kg2 Kc6 40. Kf2 Nb5 41. Rc8+ Kb6 42. a4 Nc7 43. Ke3 1-0

[Event "London Classic 14th"]
[Site "London"]
[Date "2024.11.29"]
[Round "1"]
[White "Vitiugov, Nikita"]
[Black "Ju, Wenjun"]
[Result "1-0"]
[WhiteElo "2668"]
[BlackElo "2563"]
[PlyCount "117"]
[EventDate "2024.11.29"]
[EventType "tourn"]
[EventRounds "7"]
[EventCountry "ENG"]
[EventCategory "16"]
[SourceTitle "CB50_2024"]
[SourceDate "2024.11.01"]
[SourceVersion "1"]
[SourceVersionDate "2024.11.01"]
[SourceQuality "2"]

1. e4 c5 2. Nf3 Nc6 3. Bb5 d6 4. 0-0 Bd7 5. Re1 Nf6 6. c3 a6 7. Bf1 e5 8. h3 Be7 9. d4 cxd4 10. cxd4 exd4 11. Nxd4 d5 12. exd5 Nxd5 13. Bc4 Nb6 14. Bb3 0-0 15. Nc3 Nxd4 16. Qxd4 Bf6 17. Qf4 Bc6 18. Rd1 Qe7 19. Be3 Be5 20. Qf5 g6 21. Qg4 Bc7 22. Bf4 Bxf4 23. Qxf4 Rad8 24. h4 Nd7 25. Nd5 Qe5 26. Qb4 Nf6 27. Re1 Qd6 28. Ne7+ Kg7 29. Qc3 Qf4 30. Nxc6 bxc6 31. g3 Qd2 32. Rac1 a5 33. Red1 Qxc3 34. Rxc3 Rxd1+ 35. Bxd1 Rd8 36. Bb3 Rd6 37. Rc5 Ne4 38. Rxa5 Rd2 39. Ra7 Rxf2 40. Re7 Re2 41. Rxf7+ Kh6 42. g4 g5 43. h5 Rxb2 44. Be6 Nc3 45. Bc4 Rb1+ 46. Kf2 Ne4+ 47. Ke3 Re1+ 48. Kd4 c5+ 49. Kd5 Rd1+ 50. Ke5 Re1 51. Kd5 Rd1+ 52. Kc6 Rd6+ 53. Kc7 Rd4 54. Bb3 Rd2 55. Be6 Nd6 56. Rd7 Nb5+ 57. Kb6 Rxd7 58. Bxd7 Nc3 59. a4 1-0

[Event "Julius Baer WSCC Blitz"]
[Site "Chess.com INT"]
[Date "2024.09.05"]
[Round "4.5"]
[White "Ju, Wenjun"]
[Black "Shuvalova, Polina"]
[Result "0-1"]
[WhiteElo "2563"]
[BlackElo "2487"]
[PlyCount "68"]
[EventDate "2024.08.22"]
[EventType "k.o. (blitz)"]
[EventRounds "16"]
[EventCountry "GER"]
[SourceTitle "EXT 2025"]
[Source "ChessBase"]
[SourceDate "2024.10.14"]
[SourceVersion "1"]
[SourceVersionDate "2024.10.14"]
[SourceQuality "1"]

1. d4 Nf6 2. c4 e6 3. Nf3 d5 4. e3 Be7 5. Nc3 0-0 6. b3 c5 7. Bb2 b6 8. cxd5 Nxd5 9. Bd3 Bb7 10. 0-0 Nd7 11. Rc1 Nxc3 12. Bxc3 Rc8 13. Qe2 cxd4 14. Bxd4 Bc5 15. Bb2 Qe7 16. Ba6 Bxa6 17. Qxa6 Nb8 18. Qa4 Rfd8 19. h4 h6 20. Qg4 Qf8 21. Rfd1 Ba3 22. Rxc8 Rxc8 23. Ba1 Nc6 24. g3 Be7 25. Kg2 Rd8 26. Rc1 Rc8 27. Qa4 Qe8 28. Qa6 Bc5 29. Qc4 Qd7 30. Qc3 Bf8 31. Qb2 Qd5 32. Rc4 b5 33. e4 Qd3 34. Qc2 bxc4 0-1

[Event "Julius Baer WSCC Blitz"]
[Site "Chess.com INT"]
[Date "2024.09.05"]
[Round "4.9"]
[White "Ju, Wenjun"]
[Black "Shuvalova, Polina"]
[Result "1-0"]
[WhiteElo "2563"]
[BlackElo "2487"]
[PlyCount "81"]
[EventDate "2024.08.22"]
[EventType "k.o. (blitz)"]
[EventRounds "16"]
[EventCountry "GER"]
[SourceTitle "EXT 2025"]
[Source "ChessBase"]
[SourceDate "2024.10.14"]
[SourceVersion "1"]
[SourceVersionDate "2024.10.14"]
[SourceQuality "1"]

1. d4 Nf6 2. c4 e6 3. Nf3 d5 4. Nc3 Nbd7 5. cxd5 exd5 6. Bg5 c6 7. e3 Be7 8. Bd3 h6 9. Bh4 0-0 10. 0-0 Ne4 11. Bxe7 Qxe7 12. Qc2 Re8 13. Rab1 Ndf6 14. Ne5 Bf5 15. Rfe1 g6 16. f3 Nxc3 17. bxc3 Bxd3 18. Qxd3 Rab8 19. e4 Qc7 20. g3 Kg7 21. Kg2 Rbd8 22. Qe3 b6 23. Rbd1 c5 24. Qf4 cxd4 25. cxd4 Nh5 26. Qe3 Nf6 27. Qf4 Nh5 28. Qe3 Qb7 29. Ng4 Rh8 30. e5 Qe7 31. Rc1 Rd7 32. Rc6 Rc7 33. Rec1 Rxc6 34. Rxc6 Qb4 35. e6 Qe7 36. Qe5+ f6 37. Rc7 fxe5 38. Rxe7+ Kf8 39. Rf7+ Ke8 40. Nxe5 Kd8 41. g4 1-0